Maržové obchody
Pojem maržové obchody (margin trading). Porovnanie maržového obchodu s derivátom. Príklad.
Salvato in:
| Autore principale: | |
|---|---|
| Natura: | Capitolo di libro |
| Lingua: | ceco |
| Soggetti: | |
| Tags: |
Nessun Tag, puoi essere il primo ad aggiungerne!!
|
MARC
| LEADER | 00000naa a2200000 4500 | ||
|---|---|---|---|
| 001 | r048449 | ||
| 005 | 20230913090720.4 | ||
| 041 | 0 | |a cze | |
| 044 | |a CZ | ||
| 245 | 1 | 0 | |a Maržové obchody |c Josef Jílek |
| 520 | |a Pojem maržové obchody (margin trading). Porovnanie maržového obchodu s derivátom. Príklad. | ||
| 610 | 2 | 0 | |a obchody maržové |
| 610 | 2 | 0 | |a papiere cenné |
| 610 | 2 | 0 | |a investovanie |
| 610 | 2 | 0 | |a úver |
| 610 | 2 | 0 | |a makléri |
| 610 | 2 | 0 | |a klienti |
| 610 | 2 | 0 | |a pojmy |
| 100 | 1 | |a Jílek, Josef | |